000 00358nam a22001457a 4500
008 230606b xxu||||| |||| 00| 0 eng d
024 _a03050718
082 _a348.009
_bCLB
100 _ccommon wealth secretariat
245 _aCommonwealth Law bulletin
260 _bTaylor & Francis group
300 _a512p
440 _n2
_v34
_x03050718
942 _2ddc
_cBK
999 _c582
_d582